[Event "CYCC U14 "]
[Site "Hamilton CAN"]
[Date "2022.07.08"]
[Round "1.7"]
[White "Xu, Joey"]
[Black "Yuen, Noah Nathaniel"]
[Result "0-1"]
[WhiteElo "1207"]
[BlackElo "1954"]
[PlyCount "116"]
[EventDate "2022.07.08"]
[EventType "swiss"]
[EventRounds "7"]
[EventCountry "CAN"]

1. e4 c5 2. Nc3 Nc6 3. Nf3 g6 4. d4 cxd4 5. Nxd4 Bg7 6. Be3 Nf6 7. f3 O-O 8.
Qd2 d5 9. O-O-O e5 10. exd5 Nxd4 11. Bxd4 exd4 12. Qxd4 Ne8 13. Qd2 Nd6 14. Bd3
Bd7 15. Qf4 Qb6 16. Qd2 Rac8 17. Rde1 Qa5 18. Nb1 Qxa2 19. c3 b5 20. Re2 b4 21.
Kd1 bxc3 22. bxc3 Qxd5 23. Be4 Qxd2+ 24. Kxd2 Nxe4+ 25. Rxe4 Bf5 26. Re7 Bxb1
27. Rxb1 Bxc3+ 28. Ke2 Rfe8 29. Rxe8+ Rxe8+ 30. Kd3 Bf6 31. Rb7 Re7 32. Rb8+
Kg7 33. Rb4 a5 34. Ra4 Rd7+ 35. Kc2 Rc7+ 36. Kb3 Bc3 37. Ra2 Bb4 38. Re2 Kf6
39. Re4 Rc3+ 40. Kb2 Rd3 41. g4 Rd2+ 42. Kb3 Rxh2 43. Rd4 h5 44. gxh5 gxh5 45.
Rf4+ Kg6 46. Re4 f5 47. Rd4 Rh3 48. Rd3 Kg5 49. f4+ Kg4 50. Rxh3 Kxh3 51. Ka4
Kg4 52. Kb3 h4 53. Ka4 h3 54. Kb3 h2 55. Ka4 h1=Q 56. Kb3 Qc6 57. Ka2 Qc2+ 58.
Ka1 Bc3# 0-1

[Event "CYCC U14 "]
[Site "Hamilton CAN"]
[Date "2022.07.08"]
[Round "1.8"]
[White "Huang, Richard"]
[Black "Buczynski, Christian"]
[Result "1-0"]
[WhiteElo "1953"]
[BlackElo "1199"]
[PlyCount "51"]
[EventDate "2022.07.08"]
[EventType "swiss"]
[EventRounds "7"]
[EventCountry "CAN"]

1. e4 c5 2. Nf3 d6 3. d4 cxd4 4. Nxd4 Nf6 5. Nc3 g6 6. Be3 Bg7 7. Be2 O-O 8.
Qd2 Nc6 9. O-O-O Bd7 10. f3 Nxd4 11. Bxd4 a6 12. g4 h5 13. Bxf6 Bxf6 14. gxh5
Kh7 15. hxg6+ fxg6 16. h4 Be8 17. f4 Qa5 18. h5 g5 19. e5 dxe5 20. fxg5 Bg7 21.
g6+ Kg8 22. Bc4+ Kh8 23. h6 Bf6 24. g7+ Bxg7 25. hxg7+ Kxg7 26. Qh6# 1-0

[Event "CYCC U14 "]
[Site "Hamilton CAN"]
[Date "2022.07.08"]
[Round "1.9"]
[White "Jiao, Dian Bing"]
[Black "Wang, Derek"]
[Result "0-1"]
[WhiteElo "1188"]
[BlackElo "1934"]
[PlyCount "103"]
[EventDate "2022.07.08"]
[EventType "swiss"]
[EventRounds "7"]
[EventCountry "CAN"]

1. d4 d5 2. c4 c6 3. Nc3 Nf6 4. Nf3 e6 5. e3 Nbd7 6. Bd3 dxc4 7. Bxc4 b5 8. Bb3
a6 9. O-O Be7 10. Re1 O-O 11. a3 Bb7 12. Bc2 c5 13. e4 Qc7 14. Qd3 cxd4 15.
Qxd4 Bc5 16. Qd3 Rfd8 17. Bg5 e5 18. Qe2 Be7 19. Rad1 Rac8 20. Bb1 Nb6 21. Ba2
h6 22. Bh4 Rxd1 23. Rxd1 Rd8 24. Bg3 Rxd1+ 25. Qxd1 Bd6 26. Nxe5 Bxe5 27. Bxe5
Qxe5 28. Qd8+ Qe8 29. Qxb6 Bxe4 30. Qe3 Bb7 31. Qxe8+ Nxe8 32. Bd5 Bxd5 33.
Nxd5 f6 34. Kf1 Kf7 35. Ke2 Ke6 36. Nc3 Nd6 37. b3 Nb7 38. Ke3 Nc5 39. b4 Nd7
40. Ne4 Kd5 41. Nd2 Ne5 42. f3 Nc4+ 43. Kd3 Nxd2 44. Kxd2 Kd4 45. g4 g6 46. h4
h5 47. g5 f5 48. Ke2 Kc3 49. Ke3 Kc4 50. Kf4 Kd4 51. Kg3 Ke3 52. Kg2 0-1

[Event "CYCC U14 "]
[Site "Hamilton CAN"]
[Date "2022.07.08"]
[Round "1.10"]
[White "Zhang, Brian"]
[Black "Broekema, Lincoln"]
[Result "1-0"]
[WhiteElo "1842"]
[BlackElo "1151"]
[PlyCount "69"]
[EventDate "2022.07.08"]
[EventType "swiss"]
[EventRounds "7"]
[EventCountry "CAN"]

1. e4 c5 2. Nf3 d6 3. d4 cxd4 4. Nxd4 Nf6 5. Nc3 a6 6. h3 e5 7. Nde2 h5 8. g3
Be7 9. Bg2 Be6 10. O-O O-O 11. a4 Nbd7 12. Be3 Rb8 13. a5 b5 14. axb6 Nxb6 15.
Rxa6 Nc4 16. b3 Nxe3 17. fxe3 Qc8 18. Ra7 Re8 19. Rxe7 Rxe7 20. Qxd6 Qc7 21.
Rd1 Rd7 22. Qxc7 Rxc7 23. Kf2 Rbb7 24. Ke1 Rd7 25. Nd5 Bxd5 26. exd5 Rb5 27.
Rd2 Rc5 28. c4 Ne8 29. e4 Nd6 30. g4 h4 31. Ra2 Rb7 32. Ra3 Rb6 33. Nc1 f6 34.
Nd3 Nxc4 35. Ra8+ 1-0

[Event "CYCC U14 "]
[Site "Hamilton CAN"]
[Date "2022.07.08"]
[Round "1.11"]
[White "Huang, Winston"]
[Black "Yang, Larry"]
[Result "1/2-1/2"]
[WhiteElo "1131"]
[BlackElo "1807"]
[PlyCount "100"]
[EventDate "2022.07.08"]
[EventType "swiss"]
[EventRounds "7"]
[EventCountry "CAN"]

1. d4 Nf6 2. c4 g6 3. Nc3 Bg7 4. Nf3 O-O 5. Bf4 d6 6. e3 c5 7. Be2 a6 8. O-O
Nh5 9. Bg3 Nxg3 10. hxg3 e5 11. dxe5 dxe5 12. Qxd8 Rxd8 13. Rfd1 Rxd1+ 14. Rxd1
Nc6 15. Na4 Bf8 16. Nd2 Bf5 17. e4 Be6 18. Nb3 Nd4 19. Nxd4 cxd4 20. Nb6 Rd8
21. Nd5 Bxd5 22. exd5 Bc5 23. Bd3 f5 24. f3 Re8 25. Re1 Kf7 26. a3 a5 27. g4
Kf6 28. g3 h5 29. gxh5 gxh5 30. Kg2 b6 31. Kh3 Bf8 32. Kh4 Bh6 33. Re2 Bg5+ 34.
Kh3 Be3 35. b4 e4 36. fxe4 fxe4 37. Bb1 Ke5 38. Ba2 Bc1 39. Bb1 Kf5 40. bxa5
bxa5 41. c5 Be3 42. d6 Rd8 43. Rc2 d3 44. Rc4 Ke5 45. c6 Kxd6 46. Rxe4 d2 47.
Bc2 Bc5 48. Ba4 Kd5 49. Re2 Kc4 50. Rxd2 Rc8 1/2-1/2

[Event "CYCC U14 "]
[Site "Hamilton CAN"]
[Date "2022.07.08"]
[Round "1.12"]
[White "Wang, Andy"]
[Black "Pollitt, Henry"]
[Result "1-0"]
[WhiteElo "1806"]
[BlackElo "1114"]
[PlyCount "121"]
[EventDate "2022.07.08"]
[EventType "swiss"]
[EventRounds "7"]
[EventCountry "CAN"]

1. e4 e6 2. d4 d5 3. Nc3 dxe4 4. Nxe4 Nf6 5. Bd3 Nbd7 6. Nf3 Be7 7. O-O O-O 8.
c4 b6 9. Qc2 Bb7 10. Be3 Rc8 11. Rad1 Bxe4 12. Bxe4 Nxe4 13. Qxe4 Nf6 14. Qc6
Qd6 15. Ne5 Rfd8 16. a3 Nd7 17. Qxd6 cxd6 18. Nxd7 Rxd7 19. Rc1 Rdc7 20. b3 Bf6
21. Rfd1 g6 22. Rc2 Be7 23. d5 e5 24. a4 Kg7 25. Ra2 Rb7 26. Rb1 Bd8 27. Rc2
Be7 28. b4 Rbc7 29. Rbc1 f5 30. f3 h6 31. Kf1 Bg5 32. Ke2 Bxe3 33. Kxe3 Kf6 34.
Kd3 a6 35. Rb1 g5 36. a5 b5 37. Rbc1 Rb8 38. c5 Rd7 39. c6 Rc7 40. g4 Rf8 41.
Rf2 Ke7 42. Ke3 Kf6 43. Rh1 Kg6 44. h4 fxg4 45. h5+ Kg7 46. fxg4 Rf4 47. Rxf4
gxf4+ 48. Ke4 Kf6 49. g5+ Kxg5 50. Rg1+ Kxh5 51. Kf5 Kh4 52. Ke6 e4 53. Kxd6
Rf7 54. c7 Rf8 55. Kc6 f3 56. d6 f2 57. Rh1+ Kg3 58. d7 Rf6+ 59. Kb7 f1=Q 60.
Rxf1 Rxf1 61. d8=Q 1-0

[Event "CYCC U14 "]
[Site "Hamilton CAN"]
[Date "2022.07.08"]
[Round "1.13"]
[White "Puri, Dylan"]
[Black "Joseph, Jonath"]
[Result "1-0"]
[WhiteElo "1087"]
[BlackElo "1782"]
[PlyCount "81"]
[EventDate "2022.07.08"]
[EventType "swiss"]
[EventRounds "7"]
[EventCountry "CAN"]

1. e4 e5 2. Nf3 Nc6 3. Bc4 Bc5 4. c3 Nf6 5. d4 exd4 6. cxd4 Bb4+ 7. Nbd2 Nxe4
8. d5 Nxd2 9. Bxd2 Bxd2+ 10. Qxd2 Ne7 11. O-O-O d6 12. h4 Bg4 13. Qd4 Bxf3 14.
gxf3 O-O 15. Rdg1 g6 16. h5 Qd7 17. Qf6 Nf5 18. h6 Qa4 19. Rg4 Nxh6 20. Rxh6
Rfe8 21. Bb3 Re1+ 22. Kd2 Qa5+ 23. Qc3 Qxc3+ 24. bxc3 Rae8 25. Bc4 a6 26. Rgh4
b5 27. Bd3 Ra1 28. Be4 Rxa2+ 29. Ke3 Re7 30. Rxh7 Rc2 31. Kf4 Rxc3 32. Bxg6 Re5
33. Be4 Rc4 34. Rg4+ Kf8 35. Rgg7 f5 36. Kg5 fxe4+ 37. Kf6 Rf5+ 38. Kxf5 exf3
39. Rxc7 Rxc7 40. Rxc7 b4 41. Ra7 1-0

[Event "CYCC U14 "]
[Site "Hamilton CAN"]
[Date "2022.07.08"]
[Round "1.14"]
[White "Leong, Aiden"]
[Black "Johnson, William"]
[Result "1-0"]
[WhiteElo "1775"]
[BlackElo "1082"]
[PlyCount "51"]
[EventDate "2022.07.08"]
[EventType "swiss"]
[EventRounds "7"]
[EventCountry "CAN"]

1. e4 e5 2. Nf3 Nc6 3. Bc4 Bc5 4. c3 Nf6 5. d3 h6 6. a4 a5 7. O-O O-O 8. Re1
Ng4 9. Re2 d6 10. h3 Nxf2 11. Rxf2 Bxf2+ 12. Kxf2 Kh8 13. Nbd2 f5 14. Kg1 fxe4
15. dxe4 Qf6 16. Be2 Qg6 17. Kh2 h5 18. Nh4 Qf6 19. Ndf3 Ne7 20. Bg5 Qe6 21.
Bxe7 Rg8 22. Ng5 Qh6 23. Bxh5 Be6 24. Ng6+ Qxg6 25. Bxg6 Bf7 26. Qh5# 1-0

[Event "CYCC U14 "]
[Site "Hamilton CAN"]
[Date "2022.07.08"]
[Round "1.15"]
[White "Levanon, Peled"]
[Black "Lu, Tony"]
[Result "0-1"]
[WhiteElo "1028"]
[BlackElo "1773"]
[PlyCount "76"]
[EventDate "2022.07.08"]
[EventType "swiss"]
[EventRounds "7"]
[EventCountry "CAN"]

1. d4 d5 2. c4 c6 3. Nc3 Nf6 4. e3 e6 5. Nf3 Nbd7 6. Qc2 Bd6 7. Bd3 dxc4 8.
Bxc4 b5 9. Bd3 Bb7 10. O-O a6 11. e4 e5 12. dxe5 Nxe5 13. Nxe5 Bxe5 14. Be3 Ng4
15. h3 Nxe3 16. fxe3 O-O 17. Rad1 Qb6 18. Rf3 g6 19. Rdf1 Bg7 20. Ne2 c5 21.
Nf4 c4 22. Be2 Rfe8 23. Nd5 Bxd5 24. exd5 Rxe3 25. Rxe3 Qxe3+ 26. Kh1 Rd8 27.
Bf3 Be5 28. Qe4 Qxe4 29. Bxe4 Bxb2 30. g4 Re8 31. Re1 f5 32. gxf5 gxf5 33. Re2
Rxe4 34. Rxb2 Rd4 35. Re2 Rxd5 36. Re8+ Kf7 37. Ra8 Rc5 38. Rxa6 c3 0-1

[Event "CYCC U14 "]
[Site "Hamilton CAN"]
[Date "2022.07.08"]
[Round "1.16"]
[White "Locham, Divjot"]
[Black "Singh, Udayveer"]
[Result "1-0"]
[WhiteElo "1751"]
[BlackElo "1018"]
[PlyCount "103"]
[EventDate "2022.07.08"]
[EventType "swiss"]
[EventRounds "7"]
[EventCountry "CAN"]

1. e4 c6 2. d4 d5 3. Nc3 dxe4 4. Nxe4 Bf5 5. Ng3 Bg6 6. N1e2 Nf6 7. Nf4 e6 8.
h4 h6 9. Nxg6 fxg6 10. Bc4 Nd5 11. c3 Nd7 12. Bd3 Qf6 13. Qc2 O-O-O 14. Ne4 Qf7
15. Be3 Be7 16. O-O-O N7f6 17. Nxf6 Qxf6 18. Bxg6 Nf4 19. Be4 Rhf8 20. c4 e5
21. dxe5 Qxe5 22. Bxa7 Rxd1+ 23. Rxd1 Qa5 24. Be3 Ne6 25. Qd2 Qxd2+ 26. Rxd2
Bxh4 27. g3 Bg5 28. f4 Be7 29. Bf3 Bc5 30. Bxc5 Nxc5 31. b4 Na4 32. Kc2 Re8 33.
c5 Kc7 34. Re2 Rd8 35. Re7+ Rd7 36. Rxd7+ Kxd7 37. Kb3 b5 38. Kc2 Kc7 39. Be2
Kd7 40. Kd3 Kc7 41. Kd4 Kd7 42. Bd1 Nb2 43. Bb3 Kc7 44. Kc3 Na4+ 45. Bxa4 bxa4
46. Kc4 Kb7 47. b5 Kc7 48. b6+ Kb7 49. Kb4 a3 50. Kxa3 Ka6 51. Kb3 Kb5 52. b7
1-0

[Event "CYCC U14 "]
[Site "Hamilton CAN"]
[Date "2022.07.08"]
[Round "1.17"]
[White "Grosman, Ari"]
[Black "Jiang, Barron Jiyu"]
[Result "0-1"]
[WhiteElo "992"]
[BlackElo "1740"]
[PlyCount "112"]
[EventDate "2022.07.08"]
[EventType "swiss"]
[EventRounds "7"]
[EventCountry "CAN"]

1. d4 Nf6 2. c4 e5 3. dxe5 Ng4 4. e4 Nxe5 5. f4 Ng6 6. Be3 Nc6 7. Nf3 Bb4+ 8.
Nbd2 O-O 9. a3 Bxd2+ 10. Qxd2 d6 11. Bd3 f5 12. O-O Qe7 13. Qc2 fxe4 14. Bxe4
Bf5 15. Bxf5 Qxe3+ 16. Kh1 Nce7 17. Be4 Qxf4 18. Bxb7 Rab8 19. Bd5+ Nxd5 20.
cxd5 Qf7 21. b4 Rbc8 22. Qc4 Qf4 23. Qxf4 Nxf4 24. Rad1 Rce8 25. g3 Nh5 26. Nd4
Rxf1+ 27. Rxf1 Nf6 28. Rc1 Nxd5 29. Kg2 a6 30. Rc6 Re4 31. Nf3 a5 32. bxa5 Ra4
33. a6 h6 34. Kf2 Kf7 35. Nh4 Ke6 36. Ng6 Kd7 37. Rc1 Rxa3 38. Nf8+ Ke7 39.
Ng6+ Kf6 40. Nf4 Nxf4 41. gxf4 c5 42. Rd1 Ke7 43. Rg1 Kf6 44. Rd1 Rxa6 45. Ke3
Ke6 46. Rg1 Ra7 47. Rg6+ Kd5 48. Rg1 Rc7 49. Rd1+ Ke6 50. Ke4 c4 51. f5+ Ke7
52. Rg1 Kf7 53. Rg6 c3 54. Rg1 c2 55. Rc1 Kf6 56. Kf4 Rc4+ 0-1

[Event "CYCC U14 "]
[Site "Hamilton CAN"]
[Date "2022.07.08"]
[Round "1.18"]
[White "Yang, Lefan"]
[Black "Zeng, Gordon"]
[Result "0-1"]
[WhiteElo "1738"]
[BlackElo "929"]
[PlyCount "40"]
[EventDate "2022.07.08"]
[EventType "swiss"]
[EventRounds "7"]
[EventCountry "CAN"]

1. d4 d5 2. Nf3 Nc6 3. Bf4 Bf5 4. c3 Nf6 5. Nbd2 g6 6. e3 a6 7. h3 h6 8. Be2 e6
9. g4 g5 10. gxf5 gxf4 11. fxe6 fxe6 12. exf4 Rg8 13. Ne5 Qd6 14. Bh5+ Ke7 15.
Qe2 Nxh5 16. Qxh5 Rg7 17. O-O-O Nxe5 18. fxe5 Qb6 19. Qxh6 Rf7 20. Nb3 Bxh6+
0-1

[Event "CYCC U14 "]
[Site "Hamilton CAN"]
[Date "2022.07.08"]
[Round "1.19"]
[White "Kheni, Kush"]
[Black "Chen, Ricky"]
[Result "1-0"]
[WhiteElo "907"]
[BlackElo "1709"]
[PlyCount "153"]
[EventDate "2022.07.08"]
[EventType "swiss"]
[EventRounds "7"]
[EventCountry "CAN"]

1. d4 g6 2. Bf4 Bg7 3. Nf3 c5 4. c3 cxd4 5. cxd4 Nc6 6. e3 Nf6 7. Bb5 Qa5+ 8.
Nc3 Nd5 9. Bxc6 bxc6 10. Qd2 Nxf4 11. exf4 Ba6 12. Rb1 Rb8 13. a3 Qf5 14. Ra1
Qe6+ 15. Qe3 Rxb2 16. Qxe6 fxe6 17. Ra2 Rxa2 18. Nxa2 O-O 19. g3 Rb8 20. Nb4
Bc4 21. Nd2 Bd5 22. O-O Bxd4 23. Rd1 Bc5 24. Rb1 a5 25. Nxd5 exd5 26. Rxb8+ Kf7
27. Ra8 Bxa3 28. Rxa5 Bb4 29. Ra2 c5 30. Nb3 c4 31. Nd4 Bc5 32. Nb5 d4 33. Kf1
d3 34. f3 Bb4 35. Ra4 c3 36. Nxc3 Bxc3 37. Ra3 d2 38. Ke2 Bd4 39. Kxd2 Bg1 40.
Ke2 Bc5 41. Ra5 d6 42. h3 Ke6 43. Ra4 d5 44. Ra6+ Bd6 45. Kd3 Kf5 46. Kd4 g5
47. fxg5 Bxg3 48. Kxd5 Kxg5 49. Ra4 Kf5 50. Rg4 e6+ 51. Kd4 e5+ 52. Kd5 Bf4 53.
Rh4 h6 54. Rh5+ Kf6 55. Ke4 Ke6 56. Rh4 Bg5 57. Rg4 Kf6 58. h4 Bc1 59. h5 Bg5
60. Rg2 Bf4 61. Rg6+ Kf7 62. Kf5 Kf8 63. Re6 Kf7 64. Rxe5 Bxe5 65. Kxe5 Ke7 66.
f4 Kf7 67. Kf5 Kg7 68. Ke6 Kh8 69. Kf6 Kg8 70. Kg6 Kf8 71. Kxh6 Kf7 72. Kh7 Kf8
73. h6 Kf7 74. f5 Kf8 75. Kg6 Kg8 76. Kf6 Kh8 77. Ke7 1-0

[Event "CYCC U14 "]
[Site "Hamilton CAN"]
[Date "2022.07.08"]
[Round "1.20"]
[White "Wang, Nathan"]
[Black "Sun, Jonathan"]
[Result "1-0"]
[WhiteElo "1566"]
[BlackElo "873"]
[PlyCount "67"]
[EventDate "2022.07.08"]
[EventType "swiss"]
[EventRounds "7"]
[EventCountry "CAN"]

1. e4 e5 2. Nf3 Nc6 3. Bb5 a6 4. Ba4 b5 5. Bb3 Bc5 6. O-O d6 7. h3 h6 8. c3 Be6
9. d4 Bxb3 10. axb3 Bb6 11. Re1 Nf6 12. Be3 O-O 13. d5 Bxe3 14. Rxe3 Ne7 15. c4
b4 16. Nbd2 Nh5 17. Nxe5 Nf4 18. Nd3 Neg6 19. Nxb4 Nh4 20. Rg3 a5 21. Nd3 Nxd3
22. Rxd3 Qg5 23. Rg3 Qf4 24. Rg4 Qf6 25. Rb1 Rfe8 26. Nf3 Nxf3+ 27. gxf3 h5 28.
Rg3 Re5 29. Qd4 h4 30. Rg4 Qxf3 31. Qc3 Qf6 32. f4 Rf5 33. exf5 Qxf5 34. Qxg7#
1-0

[Event "CYCC U14 "]
[Site "Hamilton CAN"]
[Date "2022.07.08"]
[Round "1.21"]
[White "Hong, Zihan"]
[Black "Odoemelam, Daniel"]
[Result "0-1"]
[WhiteElo "841"]
[BlackElo "1559"]
[PlyCount "80"]
[EventDate "2022.07.08"]
[EventType "swiss"]
[EventRounds "7"]
[EventCountry "CAN"]

1. e4 e5 2. Nf3 Nc6 3. Bc4 Bc5 4. Nc3 d6 5. h3 Be6 6. Bb3 Nf6 7. d3 Nd4 8. Nxd4
exd4 9. Na4 Qd7 10. Bg5 Bxb3 11. axb3 Qe6 12. Nxc5 dxc5 13. Qd2 Nd7 14. Bf4 c6
15. f3 O-O 16. g4 Ne5 17. Qg2 Ng6 18. Bd2 f5 19. O-O-O fxe4 20. dxe4 Nh4 21.
Qg3 Nxf3 22. e5 Qxe5 23. Qxe5 Nxe5 24. Rhe1 Nf3 25. Re7 Nxd2 26. Rxd2 Rf7 27.
Rde2 Kf8 28. Rxf7+ Kxf7 29. Kd2 Re8 30. Rf2+ Ke6 31. Re2+ Kd7 32. Rxe8 Kxe8 33.
Kd3 Ke7 34. Kc4 Kd6 35. b4 b5+ 36. Kd3 cxb4 37. Kxd4 c5+ 38. Ke4 g6 39. h4 a5
40. h5 a4 0-1

[Event "CYCC U14 "]
[Site "Hamilton CAN"]
[Date "2022.07.08"]
[Round "1.23"]
[White "Leveille, Zachary"]
[Black "Hossain, Azher"]
[Result "0-1"]
[WhiteElo "691"]
[BlackElo "1424"]
[PlyCount "162"]
[EventDate "2022.07.08"]
[EventType "swiss"]
[EventRounds "7"]
[EventCountry "CAN"]

1. e4 c6 2. Nf3 d5 3. exd5 cxd5 4. d4 Nf6 5. Nc3 Nc6 6. Bb5 Bg4 7. h3 Bh5 8.
Bg5 e6 9. g4 Bg6 10. Ne5 Rc8 11. h4 h6 12. Nxg6 fxg6 13. Bd2 Qb6 14. Qe2 Kf7
15. Bxc6 Rxc6 16. Qb5 Qxb5 17. Nxb5 a6 18. Nc3 Nxg4 19. f3 Nf6 20. O-O-O Bd6
21. Ne2 Rhc8 22. c3 b5 23. Kb1 Nh5 24. Rhg1 Be7 25. Be1 Rf8 26. Rg4 Nf6 27. Rg1
Bd6 28. Bg3 Bxg3 29. Rxg3 Nh5 30. Rgg1 Kg8 31. Rdf1 Rf6 32. Kc2 Kh7 33. Kd2 Rc8
34. Ng3 Nf4 35. Ne2 Rcf8 36. Ke3 Nh3 37. Rg4 g5 38. Rg3 Nf4 39. hxg5 Nxe2 40.
Kxe2 Rg6 41. Rfg1 Rf5 42. gxh6 Rxg3 43. Rxg3 gxh6 44. Rg2 h5 45. Rh2 Kg6 46.
Rg2+ Rg5 47. Rh2 Rg1 48. Ke3 Kg5 49. Kf2 Ra1 50. a3 Rb1 51. Ke3 h4 52. Rg2+ Kf5
53. Rh2 a5 54. b4 a4 55. Rxh4 Rb3 56. Kd3 Rxa3 57. Rh8 Ra1 58. Ra8 a3 59. Kc2
Kf4 60. Re8 Re1 61. Rf8+ Ke3 62. Kb3 Kd3 63. Rc8 Rc1 64. Re8 Rxc3+ 65. Ka2 Kxd4
66. Rxe6 Rxf3 67. Rh6 Kc4 68. Rh4+ d4 69. Rg4 Rd3 70. Rg1 Kxb4 71. Rb1+ Ka4 72.
Ka1 b4 73. Rc1 Rd2 74. Rb1 b3 75. Rh1 a2 76. Rb1 axb1=Q+ 77. Kxb1 Ra2 78. Kc1
d3 79. Kb1 Rh2 80. Ka1 Ka3 81. Kb1 Rh1# 0-1

[Event "CYCC U14 "]
[Site "Hamilton CAN"]
[Date "2022.07.08"]
[Round "2.1"]
[White "Locham, Divjot"]
[Black "Lin, Leo"]
[Result "0-1"]
[WhiteElo "1751"]
[BlackElo "2189"]
[PlyCount "120"]
[EventDate "2022.07.08"]
[EventType "swiss"]
[EventRounds "7"]
[EventCountry "CAN"]

1. e4 c5 2. Nf3 d6 3. Bb5+ Bd7 4. Bxd7+ Nxd7 5. O-O Ngf6 6. Re1 e6 7. c3 Be7 8.
d4 cxd4 9. cxd4 d5 10. e5 Ne4 11. Nbd2 Nxd2 12. Bxd2 Rc8 13. Qb3 Qb6 14. Qxb6
Nxb6 15. b3 Ba3 16. Bc1 Bb4 17. Rd1 O-O 18. Ne1 Rc7 19. Bb2 Rfc8 20. Nd3 Be7
21. f4 Rc2 22. Rac1 a5 23. Kf1 h5 24. Rxc2 Rxc2 25. Rc1 Rd2 26. Ke1 Rxg2 27.
Rc7 Bh4+ 28. Kd1 Rxh2 29. Rxb7 Bg3 30. Bc3 h4 31. Be1 Nc4 32. bxc4 dxc4 33.
Bxg3 hxg3 34. Ne1 Rxa2 35. Rc7 g2 36. Nxg2 Rxg2 37. Rxc4 Ra2 38. f5 a4 39. Rc8+
Kh7 40. fxe6 fxe6 41. Rc6 a3 42. Rxe6 Rh2 43. Ra6 a2 44. Kc1 Rh1+ 45. Kb2 a1=Q+
46. Rxa1 Rxa1 47. Kxa1 g5 48. d5 Kg7 49. d6 Kf7 50. d7 Ke7 51. Kb2 g4 52. Kc3
g3 53. Kd4 g2 54. Kd5 Kxd7 55. e6+ Ke7 56. Ke5 g1=Q 57. Kf5 Qd4 58. Kg5 Kxe6
59. Kh5 Qg1 60. Kh4 Kf5 0-1

[Event "CYCC U14 "]
[Site "Hamilton CAN"]
[Date "2022.07.08"]
[Round "2.2"]
[White "Yang, Jingyun (Ryan)"]
[Black "Wang, Nathan"]
[Result "1-0"]
[WhiteElo "2141"]
[BlackElo "1566"]
[PlyCount "113"]
[EventDate "2022.07.08"]
[EventType "swiss"]
[EventRounds "7"]
[EventCountry "CAN"]

1. g3 d5 2. Bg2 Nf6 3. Nf3 g6 4. O-O Bg7 5. d4 O-O 6. c4 dxc4 7. Nc3 Nc6 8. d5
Nb4 9. Ne5 Nfxd5 10. Nxd5 Nxd5 11. Nxf7 Kxf7 12. Bxd5+ e6 13. Bxc4 Qxd1 14.
Rxd1 Ke7 15. Bg5+ Bf6 16. Bxf6+ Rxf6 17. Rd4 Bd7 18. Rad1 Rd8 19. f4 Rff8 20.
e4 Bc8 21. e5 Rxd4 22. Rxd4 Rd8 23. Rxd8 Kxd8 24. Kf2 Ke7 25. h4 h5 26. Bd3 Kf7
27. Ke3 c5 28. Be4 b5 29. b4 cxb4 30. Kd4 a5 31. Kc5 b3 32. axb3 a4 33. bxa4
bxa4 34. Kb4 Ba6 35. Kxa4 Be2 36. Kb4 Bg4 37. Kc5 Bh3 38. Kd6 Bg4 39. Kd7 Bh3
40. Kd8 Bg4 41. Bc6 Bf5 42. Be8+ Kf8 43. Kd7 Bd3 44. Bxg6 Bxg6 45. Kxe6 Be4 46.
Kf6 Bf3 47. f5 Bg4 48. e6 Ke8 49. Ke5 Bd1 50. f6 Be2 51. Kd6 Bd1 52. f7+ Kf8
53. Kd7 Ba4+ 54. Kd8 Bb5 55. g4 hxg4 56. h5 Kg7 57. h6+ 1-0

[Event "CYCC U14 "]
[Site "Hamilton CAN"]
[Date "2022.07.08"]
[Round "2.3"]
[White "Jiang, Barron Jiyu"]
[Black "Kot, Emanuel"]
[Result "1/2-1/2"]
[WhiteElo "1740"]
[BlackElo "1994"]
[PlyCount "84"]
[EventDate "2022.07.08"]
[EventType "swiss"]
[EventRounds "7"]
[EventCountry "CAN"]

1. e4 c5 2. Nf3 d6 3. d4 cxd4 4. Nxd4 Nf6 5. Nc3 Nc6 6. Be2 e5 7. Nb3 Be7 8.
Be3 Be6 9. O-O O-O 10. h3 a5 11. f4 exf4 12. Bxf4 Qb6+ 13. Kh1 a4 14. Nd2 Qxb2
15. Rf3 Nd4 16. Rb1 Qxc2 17. Qxc2 Nxc2 18. Rxb7 Bd7 19. Bd1 Nd4 20. Rd3 Ne6 21.
Bxd6 Bxd6 22. Rxd6 Nc5 23. Rc7 Rfc8 24. Rxc8+ Rxc8 25. Rd4 a3 26. e5 Ne8 27.
Nd5 Kf8 28. Nb6 Rc7 29. Ndc4 Be6 30. Bg4 Bxg4 31. Rxg4 Nd7 32. Nxd7+ Rxd7 33.
Rg3 Rc7 34. Nd6 Nxd6 35. exd6 Rc1+ 36. Kh2 Rd1 37. Rxa3 Rxd6 38. Ra7 g6 39. a4
Rd3 40. a5 Ra3 41. a6 h5 42. Ra8+ Kg7 1/2-1/2

[Event "CYCC U14 "]
[Site "Hamilton CAN"]
[Date "2022.07.08"]
[Round "2.5"]
[White "Odoemelam, Daniel"]
[Black "Shi, Michael"]
[Result "1/2-1/2"]
[WhiteElo "1559"]
[BlackElo "1970"]
[PlyCount "112"]
[EventDate "2022.07.08"]
[EventType "swiss"]
[EventRounds "7"]
[EventCountry "CAN"]

1. d4 d5 2. Bf4 Nf6 3. e3 e6 4. Nf3 Bd6 5. Bg3 c5 6. c3 Nc6 7. Bd3 c4 8. Bc2
Qc7 9. Ba4 Bd7 10. Nbd2 a6 11. Qe2 O-O 12. e4 dxe4 13. Nxe4 Nxe4 14. Qxe4 f5
15. Bxd6 Qxd6 16. Qe2 Nxd4 17. Nxd4 Bxa4 18. Qxc4 Qe5+ 19. Qe2 Qf6 20. O-O Bd7
21. Rfe1 Rae8 22. Qe5 Qg6 23. Qc7 Bc8 24. Re5 Rf7 25. Qb6 f4 26. f3 Rf6 27.
Rae1 Qf7 28. Nb3 Rf5 29. Qd4 Qf6 30. Nc5 Rd8 31. Rxf5 Qxd4+ 32. cxd4 exf5 33.
Rd1 b6 34. Nb3 Be6 35. Kf2 a5 36. Nc1 Rc8 37. b3 Rc2+ 38. Kf1 g5 39. d5 Bxd5
40. Rxd5 Rxc1+ 41. Ke2 Rc2+ 42. Rd2 Rxd2+ 43. Kxd2 Kf7 44. Kd3 Ke6 45. Kc4 Kd6
46. Kb5 Kc7 47. Kc4 Kc6 48. Kd4 Kd6 49. h4 gxh4 50. a4 h5 51. Kc4 Kc6 52. b4
axb4 53. Kxb4 Kc7 54. Kb5 Kb7 55. Kc4 Ka6 56. Kb4 Kb7 1/2-1/2

[Event "CYCC U14 "]
[Site "Hamilton CAN"]
[Date "2022.07.08"]
[Round "2.6"]
[White "Yuen, Noah Nathaniel"]
[Black "Chen, Sam"]
[Result "1-0"]
[WhiteElo "1954"]
[BlackElo "1299"]
[PlyCount "39"]
[EventDate "2022.07.08"]
[EventType "swiss"]
[EventRounds "7"]
[EventCountry "CAN"]

1. d4 d5 2. c4 c6 3. Nf3 Nf6 4. e3 e6 5. Nbd2 Nbd7 6. b3 Bd6 7. Bb2 O-O 8. Bd3
Re8 9. Ne5 Bc7 10. O-O Nxe5 11. dxe5 Nd7 12. f4 f6 13. Qh5 f5 14. Ba3 Bb6 15.
Rae1 Nc5 16. Bc2 Ne4 17. Nxe4 dxe4 18. Bd6 Bc7 19. Bxc7 Qxc7 20. Qxe8# 1-0

[Event "CYCC U14 "]
[Site "Hamilton CAN"]
[Date "2022.07.08"]
[Round "2.7"]
[White "Hossain, Azher"]
[Black "Huang, Richard"]
[Result "0-1"]
[WhiteElo "1424"]
[BlackElo "1953"]
[PlyCount "106"]
[EventDate "2022.07.08"]
[EventType "swiss"]
[EventRounds "7"]
[EventCountry "CAN"]

1. d4 f5 2. c4 Nf6 3. Nf3 e6 4. g3 Bb4+ 5. Bd2 Bxd2+ 6. Nbxd2 b6 7. Bg2 Bb7 8.
O-O O-O 9. Qc2 Qe7 10. Rac1 d6 11. Ne1 Bxg2 12. Nxg2 Nbd7 13. e4 fxe4 14. Nxe4
e5 15. Nxf6+ Qxf6 16. d5 Rae8 17. Rce1 Qg6 18. Qxg6 hxg6 19. f3 Nc5 20. Re3 a5
21. b3 g5 22. Ne1 Kh7 23. Nd3 Nxd3 24. Rxd3 Kg6 25. Re3 Re7 26. Kg2 Ref7 27.
Re4 Rf6 28. Rg4 Rf5 29. a3 Kh6 30. Re4 g6 31. h3 Kg7 32. Re3 Kf7 33. Ra1 Ke7
34. b4 axb4 35. axb4 Kd7 36. Raa3 R5f7 37. Re4 Rh7 38. c5 bxc5 39. bxc5 Rfh8
40. c6+ Ke7 41. Ra7 Kf6 42. h4 Rb8 43. hxg5+ Kxg5 44. Re2 Rb5 45. Rd2 Kf5 46.
Ra4 Re7 47. g4+ Kg5 48. Re4 Rf7 49. Rd3 Rf8 50. Ra4 Rb2+ 51. Kg3 Rh8 52. f4+
exf4+ 53. Rxf4 Rbh2 0-1

[Event "CYCC U14 "]
[Site "Hamilton CAN"]
[Date "2022.07.08"]
[Round "2.8"]
[White "Wang, Derek"]
[Black "Guliyev, Nadir"]
[Result "1/2-1/2"]
[WhiteElo "1934"]
[BlackElo "1279"]
[PlyCount "67"]
[EventDate "2022.07.08"]
[EventType "swiss"]
[EventRounds "7"]
[EventCountry "CAN"]

1. Nf3 Nf6 2. d4 e6 3. c4 b6 4. Bg5 Bb7 5. Nbd2 d5 6. e3 Nbd7 7. Qa4 Be7 8.
cxd5 exd5 9. Bb5 O-O 10. Bc6 Bxc6 11. Qxc6 Bd6 12. O-O h6 13. Bh4 g5 14. Bg3
Qe7 15. Bxd6 Qxd6 16. Qxd6 cxd6 17. Rac1 Rac8 18. Nb1 Ne4 19. Nfd2 Nxd2 20.
Nxd2 b5 21. Nb3 Nb6 22. Rxc8 Rxc8 23. Rc1 Rc4 24. Rxc4 Nxc4 25. Kf1 Kf8 26. Ke2
Nxb2 27. Na5 Nc4 28. Nc6 a5 29. Na7 b4 30. Kd3 f5 31. f3 Nb2+ 32. Kc2 Nc4 33.
Kd3 Nb2+ 34. Kc2 1/2-1/2